[Event "POL-ch Blitz U18"]
[Site "Bydgoszcz"]
[Date "2023.08.31"]
[Round "4"]
[White "Chmielek, Milan"]
[Black "Kochanowski, Jakub"]
[Result "1-0"]
[WhiteElo "1368"]
[BlackElo "1063"]
[PlyCount "116"]
[EventDate "2023.08.28"]
[EventType "swiss"]
[EventRounds "10"]
[EventCountry "POL"]
[SourceTitle "EXT 2024"]
[Source "ChessBase"]
[SourceDate "2023.10.10"]
[SourceVersion "1"]
[SourceVersionDate "2023.10.10"]
[SourceQuality "1"]

1. d4 d5 2. c4 e6 3. Nf3 Nf6 4. Bg5 Be7 5. Nc3 Nbd7 6. cxd5 exd5 7. e3 0-0 8. Bd3 h6 9. Bh4 b6 10. 0-0 Bb7 11. a3 c5 12. Bc2 c4 13. Rc1 a6 14. Bb1 Rc8 15. Qc2 Ne4 16. Bxe7 Qxe7 17. Nxe4 dxe4 18. Nd2 Nf6 19. Qd1 b5 20. Qe2 Rfd8 21. Rfd1 c3 22. Rxc3 Rxc3 23. bxc3 Qxa3 24. Qe1 Qxc3 25. Rc1 Qa5 26. Qd1 Rc8 27. Rxc8+ Bxc8 28. Nxe4 Nxe4 29. Bxe4 b4 30. Bb1 Be6 31. e4 Ba2 32. d5 Bxb1 33. Qxb1 b3 34. d6 Qa2 35. Qf1 b2 36. d7 Qa5 37. Qd1 b1Q 38. Qxb1 Qc7 39. Qd1 Qd8 40. f3 a5 41. Kf1 Kf8 42. Qd3 Ke7 43. Ke2 Qxd7 44. Qa3+ Qd6 45. Qxa5 Ke6 46. Qf5+ Ke7 47. Ke3 Qa3+ 48. Kf4 Qc1+ 49. Kg4 g6 50. Qe5+ Kf8 51. h4 h5+ 52. Kg3 Qe1+ 53. Kf4 Qd2+ 54. Kg3 Qe1+ 55. Kh3 Qh1+ 56. Kg3 Qg1 57. Kf4 Qf1 58. Ke3 f6 1-0

[Event "POL-ch Blitz U18"]
[Site "Bydgoszcz"]
[Date "2023.08.31"]
[Round "9"]
[White "Chmielek, Milan"]
[Black "Kopacki, Aleksander"]
[Result "1-0"]
[WhiteElo "1368"]
[BlackElo "1462"]
[PlyCount "183"]
[EventDate "2023.08.28"]
[EventType "swiss"]
[EventRounds "10"]
[EventCountry "POL"]
[SourceTitle "EXT 2024"]
[Source "ChessBase"]
[SourceDate "2023.10.10"]
[SourceVersion "1"]
[SourceVersionDate "2023.10.10"]
[SourceQuality "1"]

1. d4 d5 2. c4 dxc4 3. e4 e5 4. d5 Nf6 5. Nc3 b5 6. Bg5 Bc5 7. Qc2 a6 8. a4 b4 9. Nd1 0-0 10. Bxc4 a5 11. Nf3 Bd6 12. 0-0 Bg4 13. Be2 h6 14. Be3 Nbd7 15. h3 Bh5 16. Ne1 Bg6 17. f3 Qe7 18. Nd3 Rac8 19. Rc1 Nh5 20. b3 Ng3 21. Re1 Bh7 22. Bf2 Nxe2+ 23. Qxe2 f5 24. N1b2 fxe4 25. fxe4 Qf6 26. Nc4 Ra8 27. Nxd6 cxd6 28. Rc7 Rf7 29. Rec1 Bg6 30. Rc8+ Rxc8 31. Rxc8+ Kh7 32. Rc7 Qd8 33. Rc6 Nf6 34. Bh4 Qd7 35. Nf2 Nh5 36. Nd3 Nf4 37. Nxf4 Rxf4 38. Bf2 Bxe4 39. Rc4 Qf5 40. Qd2 Qf7 41. Rc6 Qxd5 42. Qxd5 Bxd5 43. Rxd6 Bxb3 44. Ra6 Bxa4 45. Rxa5 Bd7 46. Rxe5 b3 47. Re1 Be6 48. Rxe6 Rb4 49. Re1 Kg6 50. Kf1 Kf5 51. Rb1 Ke4 52. Ke2 Kd5 53. Rb2 Kc4 54. Kd2 Rb7 55. Kc1 Rf7 56. Re2 Kd3 57. Rd2+ Kc3 58. Bd4+ Kc4 59. Bf2 g5 60. Kb2 Rf5 61. Rd4+ Kb5 62. Rd2 Kc4 63. Rd4+ Kb5 64. Be3 Re5 65. Rd3 Kc4 66. Rc3+ Kb5 67. Rxb3+ Kc6 68. Rb6+ Kd5 69. Rb5+ Ke4 70. Rxe5+ Kxe5 71. g3 Ke4 72. Bf2 Kf3 73. Be1 Ke2 74. Ba5 Kf3 75. Bc7 Kg2 76. h4 gxh4 77. gxh4 Kh3 78. Bd8 Kg4 79. Kc3 h5 80. Kd4 Kf4 81. Be7 Kf5 82. Ke3 Kg6 83. Kf4 Kf7 84. Bb4 Kg6 85. Bc3 Kh6 86. Kf5 Kh7 87. Kg5 Kg8 88. Kxh5 Kh7 89. Kg5 Kg8 90. Kg6 Kf8 91. h5 Kg8 92. h6 1-0

[Event "POL-ch U10"]
[Site "Jastrzebia Gora"]
[Date "2022.03.12"]
[Round "4"]
[White "Gibala, Adam"]
[Black "Chmielek, Milan"]
[Result "1-0"]
[WhiteElo "1507"]
[BlackElo "1083"]
[PlyCount "59"]
[EventDate "2022.03.08"]
[EventType "swiss"]
[EventRounds "9"]
[EventCountry "POL"]
[SourceTitle "EXT 2023"]
[Source "ChessBase"]
[SourceDate "2022.10.05"]
[SourceVersion "1"]
[SourceVersionDate "2022.10.05"]
[SourceQuality "1"]

1. d4 f5 2. e4 fxe4 3. Nc3 Nf6 4. Bg5 e6 5. Nxe4 Be7 6. Bxf6 Bxf6 7. Nf3 0-0 8. Bd3 d5 9. Nxf6+ Qxf6 10. 0-0 Nd7 11. Qe2 a6 12. Rae1 Re8 13. c4 c6 14. cxd5 cxd5 15. Ne5 Nxe5 16. dxe5 Qe7 17. Qg4 b5 18. Re3 Bb7 19. Rg3 d4 20. Qh5 Qf7 21. Bxh7+ Kf8 22. Bg6 Qf4 23. Qh8+ Ke7 24. Qxg7+ Kd8 25. Qxb7 Rc8 26. Bxe8 Kxe8 27. Rg8+ Qf8 28. Qxc8+ Ke7 29. Rxf8 d3 30. Qd8# 1-0

[Event "POL-ch U10"]
[Site "Jastrzebia Gora"]
[Date "2022.03.08"]
[Round "1"]
[White "Klonowski, Kacper"]
[Black "Chmielek, Milan"]
[Result "0-1"]
[WhiteElo "1315"]
[BlackElo "1083"]
[PlyCount "101"]
[EventDate "2022.03.08"]
[EventType "swiss"]
[EventRounds "9"]
[EventCountry "POL"]
[SourceTitle "EXT 2023"]
[Source "ChessBase"]
[SourceDate "2022.10.05"]
[SourceVersion "1"]
[SourceVersionDate "2022.10.05"]
[SourceQuality "1"]

1. d4 f5 2. c4 Nf6 3. Nc3 e6 4. Nf3 d5 5. cxd5 exd5 6. Bg5 Be7 7. Qb3 c6 8. Bxf6 Bxf6 9. e3 0-0 10. Bd3 Re8 11. 0-0 Qb6 12. Qxb6 axb6 13. b4 Ra3 14. Rac1 Be6 15. Nd2 Nd7 16. Ndb1 Raa8 17. a3 f4 18. Rfe1 fxe3 19. fxe3 Bg5 20. Rc2 c5 21. Nb5 Rec8 22. e4 c4 23. Bf1 Rc6 24. N5c3 Nf6 25. exd5 Bxd5 26. Nxd5 Nxd5 27. Rxc4 Rac8 28. Rxc6 bxc6 29. Bc4 Bf6 30. Rd1 Kf8 31. Bxd5 cxd5 32. g3 Rc4 33. Kg2 Rxd4 34. Rxd4 Bxd4 35. Kf3 Ke7 36. Ke2 b5 37. Kd3 Bf6 38. g4 g6 39. h3 h5 40. gxh5 gxh5 41. Ke3 Bb2 42. Kf4 Kf6 43. h4 Be5+ 44. Kf3 Kf5 45. Nd2 Bb2 46. Nb1 d4 47. Kg3 Ke4 48. Kf2 d3 49. Ke1 Ke3 50. Kd1 Bf6 51. Ke1 0-1